01472nab a22002177a 4500003000400000005001700004008004100021040000700062100003200069245010300101260007300204300001200277500004500289505060600334505008900940650002901029650001801058650002201076650001501098773014101113OSt20251113131023.0190604e xxu||||| |||| 00| 0 spa d cPJ aLeiva Fernandez, Luis F. P.10aLo que no dice el Código Civil y Comercial (ni necesita decir) /cLuis F. P. Leiva Fernández. aCiudad Autónoma de Buenos Aires :bThomson Reuters La Ley, c2025. ap. 5-15 aCita Online: TR LALEY AR/DOC/1801/2025.  aSumario: I. Los 10 años del Código Civil y Comercial de la Nación.— II. El aporte científico.— III. La importancia de las fuentes.— IV. Las decisiones que se deben tomar al legislar derecho privado.— V. Lo que no es necesario decir. La autonomía de la voluntad.— VI. Sobre la reiteración de las normas principales del derecho del consumo.— VII. Lo que no es necesario decir. Las instituciones de aplicación extendida.— VIII. Lo que no es necesario decir. El tema de las señas.— IX. Lo que no es necesario decir. Los contratos reales. Lo no regulado no está prohibido. t¿Te interesa el texto completo? Solicitalo al correo: koha@justierradelfuego.gov.ar 0aCODIGO CIVIL Y COMERCIAL 0aDERECHO CIVIL 0aDERECHO COMERCIAL 0aCONTRATOS 0 02714dCiudad Autónoma de Buenos Aires : Thomson Reuters La Ley, 2014-tRevista anales de legislación argentina. Nº 8 - Agosto 2025.